| 000 | 00338nam a2200145Ia 4500 | ||
|---|---|---|---|
| 008 | 230917s9999||||xx |||||||||||||| ||und|| | ||
| 040 |
_e215915 _aMAIN |
||
| 041 | _aEnglish | ||
| 082 | _a869.3 C65B | ||
| 100 | _aCoelho, Paulo | ||
| 245 | 0 | _aBrida | |
| 260 |
_aNoida _bHarperCollins Publishers _c2008 |
||
| 300 | _a266 p. | ||
| 942 | _cBK | ||
| 999 |
_c179852 _d179852 |
||